000 00406nam a2200145 i 4500
001 bg
245 0 _aĆwiczenia laboratoryjne z teorii sprężystości :
_bpraca zbiorowa /
_cpod red. J. Leyko.
260 _aŁódź,
_c1977.
700 1 _aLeyko, Jerzy
_d(1918-1995).
_eRed.
040 _cBPK
041 _apol
080 _a539.3/.4(075.8)(076)
942 _cKS
008 s pl f |000 0 pol
999 _c17787
_d17787
856 _uhttp://koha.tu.koszalin.pl/cgi-bin/koha/opac-detail.pl?biblionumber=17787
_yKatalog online BPK